|
|
|
|
| LEADER |
00000nam0a2200000 4500 |
| 001 |
125997 |
| 005 |
20231101215951.0 |
| 010 |
|
|
|a 5214000405
|
| 020 |
|
|
|a RU
|b 94-15194
|
| 035 |
|
|
|a (RuTPU)RU\TPU\book\136318
|
| 090 |
|
|
|a 125997
|
| 100 |
|
|
|a 20071122d1994 m y0rusy5003 ca
|
| 101 |
0 |
|
|a rus
|
| 102 |
|
|
|a RU
|
| 105 |
|
|
|a y z 000ay
|
| 200 |
1 |
|
|a Алмазный мой венец
|e повести
|f В. П. Катаев
|g худож. А. Заболотный ; В. В. Гусейнов
|
| 210 |
|
|
|a Москва
|c АСТ-пресс
|d 1994
|
| 215 |
|
|
|a 400 с.
|d 22 см
|
| 225 |
1 |
|
|a Новая русская классика
|e НРК
|
| 464 |
|
|
|t Трава забвенья; Алмазный мой венец; Уже написан Вертер
|o повести
|
| 610 |
1 |
|
|a русская литература
|
| 610 |
1 |
|
|a повести
|
| 675 |
|
|
|a Р2
|z rus
|
| 700 |
|
1 |
|a Катаев
|b В. П.
|c русский писатель
|f 1897-1986
|g Валентин Петрович
|2 stltpush
|3 (RuTPU)RU\TPU\pers\8204
|9 1601
|
| 702 |
|
1 |
|a Заболотный
|b А.
|4 440
|
| 702 |
|
1 |
|a Гусейнов
|b В. В.
|4 440
|
| 801 |
|
0 |
|a RU
|b RuMRKP
|c 19950413
|g psbo
|
| 801 |
|
1 |
|a RU
|b 63413507
|c 20071122
|g PSBO
|
| 801 |
|
2 |
|a RU
|b 63413507
|c 20160921
|g PSBO
|
| 942 |
|
|
|c BK
|